| 000 | 00553cam a22002171 4500 | ||
|---|---|---|---|
| 001 | sa 68012504 | ||
| 003 | DLC | ||
| 005 | 20260227112611.0 | ||
| 008 | 900102s1968 ii ac 000 0 tamo | ||
| 010 | _asa 68012504 | ||
| 035 | _a(OCoLC)20837974 | ||
| 040 |
_aDLC _cWaU _dDLC |
||
| 042 | _apremarc | ||
| 050 | 0 | 0 |
_aDS481.R27 _bM8 |
| 100 | 1 |
_aMurthy, V. K., _d1926- |
|
| 245 | 1 | 0 | _aRājāji. |
| 260 | _c[1968] | ||
| 300 |
_aviii, 255 p. _billus., ports. _c18 cm. |
||
| 500 | _aIn Tamil. | ||
| 700 | 1 |
_aRajagopalachari, C. _q(Chakravarti), _d1878-1972. |
|
| 999 |
_c84557 _d84557 |
||